00873nam a2200253 a 450000500170000000800410001702000150005804000270007304100080010004400070010808200190011511000710013424500480020524600520025326000920030530000330039765000180043065000260044865000360047465000300051066200130054070000350055370000310058820200104041541.0140312t1992 mx fr|||| 000 0 spa d a9683624545 aCO-BoIAVH cCO-BoIAVH 0 aspa amx04a577.0972bC73m2 aComisión Nacional para el Conocimiento y Uso de la Biodiversidad10aMéxico ante los retos de la biodiversidad11aMexico confronts the challenges of biodiversity aMéxico :bComisión Nacional para el Conocimiento y Uso de la Biodiversidad,cc1992. a343 páginas ;c24 x 17 cm.16aBiodiversidad26aEducación Ambiental26aBiología de la conservación26aÁreas de conservación aMéxico1 aSarukhán, JoséeCompilador1 aDirzo, RodolfoeCompilador